000 00606nam a2200229Ia 4500
003 OSt
005 20221007075311.0
006 a|||||r|||| 00| 0
007 ta
008 221006b |||||||| |||| 00| 0 eng d
024 _a12,582
037 _cTextual
040 _aFLL
_cFLL
_beng
041 _2eng
_aeng
082 _aV236:26qN3, G4
100 _aChand Hari Au.
_9686282
245 0 _aPunjab municipal act
260 _aNew Delhi
_bFederal law depot India
_c1934
300 _a1163p
_ccm.
942 _hV236:26qN3, G4
_cTEXL
_2CC
999 _c1155530
_d1155530